Dunia baru Islam

Bibliographic Details
Main Author: Stoddard, Lothrop (Author)
Format: Book
Published: Jakarta : Menteri Koordinator Kesedjahteraan , 1966
Subjects:

MARC

LEADER 00000cam a2200000 7i4500
001 0000008252
005 20021119093000.0
008 021119n
090 0 0 |a DS38   |b .S76 
100 0 |a Stoddard, Lothrop ,   |e author 
240 0 0 |a The new world of Islam.   |l Bahasa Indonesia 
245 0 0 |a Dunia baru Islam   |c L. Stoddard 
260 2 |a Jakarta :   |b Menteri Koordinator Kesedjahteraan ,   |c 1966 
300 |a 332 ms. ; ;   |c 22 sm. 
501 |a Terjemahan: The new world of Islam 
650 0 |a Islam   |y 20th century 
650 0 |a Islam   |z Indonesia 
999 |a 1000008484   |b Book   |c OPEN SHELF (30 DAYS)   |e Gong Badak Campus 
999 |a 1000008486   |b Book   |c OPEN SHELF (30 DAYS)   |e Gong Badak Campus